LEADER 00994nam0-22003371i-450 001 990000429110403321 005 20191122090740.0 035 $a000042911 035 $aFED01000042911 035 $a(Aleph)000042911FED01 035 $a000042911 100 $a20020821d1976----km-y0itay50------ba 101 0 $aita 102 $aIT 105 $ay-------001yy 200 1 $a<>adesivi nella giunzione di componenti metallici$e1. congresso nazionale CISIA sugli adesivi nei componenti di acciaio 210 $aMilano$cCISIA$d[1976?] 215 $a1 v.$d29 cm 610 0 $aMateriali edilizia 610 0 $aSigillanti 676 $a691 710 02$aCentro italiano sviluppo impieghi acciaio$024200 801 0$aIT$bUNINA$gRICA$2UNIMARC 901 $aBK 912 $a990000429110403321 952 $a08 A 286$b6788$fDINED 952 $aD 1/28TR$bs.i.$fDINTR 959 $aDINED 959 $aDINTR 996 $aAdesivi nella giunzione di componenti metallici$9327818 997 $aUNINA LEADER 01096cam0-22003611i-450 001 990007193150403321 005 20220203160120.0 035 $a000719315 035 $aFED01000719315 035 $a(Aleph)000719315FED01 035 $a000719315 100 $a20021010e19791941km-y0itay50------ba 101 0 $aita 102 $aIT 105 $ay-------001yy 200 1 $a<>condizione e gli elementi dell'atto giuridico$fAngelo Falzea 210 $aNapoli$cESI$d1979 215 $aVIII, 333 p.$d24 cm 225 1 $aRistampe della Scuola di perfezionamento in diritto civile dell'Università di Camerino$v13 324 $aRiproduzione facsimilare dell'ed.: Milano : Giuffrè, 1941 610 0 $aCondizioni 676 $a346.02$v20$zita 700 1$aFalzea,$bAngelo$0228844 801 0$aIT$bUNINA$gRICA$2UNIMARC 901 $aBK 912 $a990007193150403321 952 $aA-IV-C-115$b129$fDDRC 952 $aDPR 13b-300$fDEC 959 $aDDRC 959 $aDEC 996 $aCondizione e gli elementi dell'atto giuridico$9578879 997 $aUNINA DB $aGEN01